EXPERIMENTS IN MICROBIOLOGY (Record no. 17337)
[ view plain ]
| 000 -LEADER | |
|---|---|
| fixed length control field | 00338nam a22001577a 4500 |
| 003 - CONTROL NUMBER IDENTIFIER | |
| control field | SGT |
| 020 ## - INTERNATIONAL STANDARD BOOK NUMBER | |
| International Standard Book Number | 978-81-909-385-01 |
| 082 ## - DEWEY DECIMAL CLASSIFICATION NUMBER | |
| Classification number | 616.01 |
| Item number | E17W |
| 100 ## - MAIN ENTRY--PERSONAL NAME | |
| Personal name | WANI.I.A |
| 245 ## - TITLE STATEMENT | |
| Title | EXPERIMENTS IN MICROBIOLOGY |
| 250 ## - EDITION STATEMENT | |
| Edition statement | 2ND |
| 260 ## - PUBLICATION, DISTRIBUTION, ETC. (IMPRINT) | |
| Place of publication, distribution, etc | JALANDHAR |
| Name of publisher, distributor, etc | S.VIKASH |
| Year of Publication | 2017 |
| 300 ## - PAGE DESCRIPTION | |
| No. of Pages | 280 |
| 650 ## - SUBJECT ADDED ENTRY--TOPICAL TERM | |
| Topical term or geographic name as entry element | PHARMACY |
| 942 ## - ADDED ENTRY ELEMENTS (KOHA) | |
| Source of classification or shelving scheme | Dewey Decimal Classification |
| Koha item type | Books |
| 942 ## - ADDED ENTRY ELEMENTS (KOHA) | |
| -- | 11 |
| Withdrawn status | Lost status | Source of classification or shelving scheme | Damaged status | Not for loan | Collection code | Home library | Current library | Shelving location | Date acquired | Vendor Name | Cost, normal purchase price | SGTU | Bill Number | Total Checkouts | Full call number | Accession No. (Barcode) | Date last seen | Date last borrowed | Bill Date | Koha item type | Use restrictions |
|---|---|---|---|---|---|---|---|---|---|---|---|---|---|---|---|---|---|---|---|---|---|
| Dewey Decimal Classification | PHARMACY | SGT FA-FP Library | SGT FA-FP Library | Text Book | 05/04/2019 | AHUJA PUB. | 375.00 | SGTU | 10918 | 7 | 616.01 E17W | FP3191 | 20/08/2025 | 20/08/2025 | 03/04/2019 | Books | |||||
| Dewey Decimal Classification | PHARMACY | SGT FA-FP Library | SGT FA-FP Library | Text Book | 05/04/2019 | AHUJA PUB. | 375.00 | SGTU | 10918 | 8 | 616.01 E17W | FP3192 | 29/08/2025 | 13/08/2025 | 03/04/2019 | Books | |||||
| Dewey Decimal Classification | PHARMACY | SGT FA-FP Library | SGT FA-FP Library | Reference Book | 05/04/2019 | AHUJA PUB. | 375.00 | SGTU | 10918 | 616.01 E17W | FP3193 | 05/04/2019 | 03/04/2019 | Books | Restricted Access |